000 00347 a2200121 4500
245 _aSanté et médecines naturelles : la santé par les plantes, remèdes du monde entier, médicaments ignorés
100 _aMathieu, G
700 _aRollat, A.
260 _c1977
300 _a445 p.
999 _c17586
_d17586